|
|
|
|
| LEADER |
00000nam a22000007a 4500 |
| 005 |
20130125115122.0 |
| 007 |
cr|||| |||| |
| 008 |
130125e2010 ck |||||s|||| 00||0 spa d |
| 020 |
|
|
|a 9586486702
|
| 035 |
|
|
|a 6849
|
| 040 |
|
|
|a vLex
|
| 090 |
|
|
|c 3604
|d 3604
|
| 100 |
1 |
0 |
|a Schnarch Kirbergy, Alejandro
|
| 245 |
1 |
0 |
|a Marketing para emprendedores
|b Marketing para emprendedores
|h [Recurso electrn̤ico]
|
| 256 |
|
|
|a Servicio en ln̕ea
|
| 260 |
|
|
|a Bogot ̀:
|b ECOE,
|c 2010
|
| 300 |
|
|
|a 1 Recurso electrn̤ico
|
| 650 |
0 |
4 |
|a Marketing
|
| 650 |
0 |
4 |
|2 Empresas
|
| 700 |
1 |
0 |
|a Schnarch Gonzl̀ez, David
|
| 740 |
|
|
|a vLex Libros (Servicio en ln̕ea)
|
| 856 |
|
|
|a Acceso restringido
|u http://www.vlex.com/source/6849
|
| 942 |
|
|
|c BOOK
|
| 999 |
|
0 |
|a Marketing
|